000
00340nam a2200133Ia 4500
008
240624s9999 xx 000 0 und d
041
_a
eng
082
_a
828 HAN
100
_a
HANH TICH NHAT
245
_a
TOGETHER WE ARE ONE HONORING OUR DIVERSI
260
_c
2011
_a
Ahmedabad
_b
Jaico Books
300
_a
247 : p. : cm. ; 24
365
_c
RS
999
_c
25842
_d
25842